| 000 | 00573nam a22001813a 4500 | ||
|---|---|---|---|
| 005 | 20220810150902.0 | ||
| 008 | 011016s1990 es r 000 0 spa d | ||
| 020 | _a8425417287 | ||
| 035 | _aUPN01000113079 | ||
| 049 | _aCG | ||
| 050 | 4 |
_aBF203 _bC3.3 |
|
| 100 | 1 |
_aCastanedo Secadas, Celedonio _932043 |
|
| 245 | 1 | 0 |
_aGrupos de encuentro en terapia Gestalt : _bde la "silla vacía" al círculo gestáltico / _cCeledonio Castanedo Secadas. |
| 260 |
_aBarcelona [Esp.] : _bHerder, _c1990. |
||
| 300 |
_a256 p. : _bil. |
||
| 650 | 4 |
_aPsicología Gestalt _9225 |
|
| 905 | _aLibro | ||
| 999 |
_c86987 _d86987 |
||